000 00698nam a2200193Ii 4500
003 JO-AjNU
008 230605s9999||||xx |||||||||||||| ||und||
040 _aJO-AjNU
_bara
_erda
_cJO-AjNU
041 _aara
050 1 4 _aTK3107. R55 1986
100 3 _aتاليف باسيلي، رزق ,
_eauthor
_98364
245 0 0 _aهندسة النقل الكهربائي ج1 باستخدام التيار المستمر
264 3 1 _aبغداد :مكتبة النهضة، 1986
300 _a338ص
_bصور توضيحية
336 _atext
_btxt
_2rdacontent
337 _aunmediated
_bn
_2rdamedia
338 _avolume
_bnc
_2rdacarrier
650 4 _aالهندسة الكهربائية -الكهرباء
_98365
999 _aA750
_c4318
_d4318